| 000 | 01017nam a2200169 a 4500 | ||
|---|---|---|---|
| 001 | 000032066 | ||
| 005 | 20200930063412.0 | ||
| 008 | 110712s2000 dr a 000 0 spa d | ||
| 040 |
_aDO-SdBNP _bspa _cBNPHU |
||
| 082 |
_axxxx _bM294 |
||
| 111 | 2 |
_aJornada Estudiantil _d(2000, oct. 27 : _cSanto Domingo) _958192 |
|
| 245 | 1 | 0 | _aManual Teórico-práctico el estudiante exitoso y saludable. |
| 260 |
_aSanto Domingo : _bCentro Profesional Psicólogos Unidos, _c2000. |
||
| 300 |
_a30 p. : _bil. , retr. ; _c28 cm. |
||
| 505 | 0 |
_tLa motivación en el rendimiento escolar / _rLuis Vergés ; _tLa concentración: factor clave de éxito escolar / _rAlexis Rodríguez ; _tAutoestima y rendimiento escolar / _rFrancisco Javier Burgos Abreu ; _tHábitos y métodos de estudio / _rPuro C. Blanco ; _tProyecto de vida / _rPuro C. Blanco ; _tLos valores humanos en el rendimiento escolar / _rDaniel Pérez Quiróz ; _tLa salud y el desarrollo de la personalidad / _rMilagros Peralta ; _tLa efectividad en las aulas / _rRosa Ariza. |
|
| 049 | _aBNPD | ||
| 999 |
_c31557 _d31557 |
||